|
|
|
|
| LEADER |
01658nam a2200325 a 4500 |
| 001 |
0020913 |
| 003 |
BD-DhAAL |
| 008 |
100927s1969 bg w 000 0 eng d |
| 040 |
|
|
|a BD-DhAAL
|c BD-DhAAL
|
| 082 |
0 |
0 |
|a 348.5492046
|2 22
|
| 130 |
0 |
|
|a DLR
|9 4135
|
| 245 |
0 |
4 |
|a The Dacca law reports :
|b fortnightly law journal : table of cases of the High Court of East Pakistan.
|n Volume XXI /
|c Obaidul Haque Chowdhury, editor
|
| 246 |
1 |
7 |
|a The Dhaka Law Reports.
|
| 260 |
|
|
|a Dacca [Bangladesh] :
|b Dacca Law Reports,
|c 1969.
|
| 300 |
|
|
|a 983, 31 p. ;
|c 25 cm
|
| 362 |
0 |
|
|a Vol. 21 (1969)
|
| 500 |
|
|
|a Table of cases of the High Court of East Pakistan.
|
| 500 |
|
|
|a "A journal of law reports."
|
| 500 |
|
|
|a Latest issue consulted: Vol.XXI,January to December,1969
|
| 526 |
|
|
|a SOL
|x Saira Rahman Khan,
Associate Professor
School of Law
BRAC University
|
| 541 |
|
|
|e 0020913, 0022304
|a Anupam Gyan Bhandar
|
| 590 |
|
|
|a Published yearly.
|
| 650 |
|
0 |
|a Law reports, digests, etc.
|z Bangladesh.
|9 4136
|
| 650 |
|
0 |
|a Law reports, digests, etc.
|z India
|z Bengal.
|9 4137
|
| 700 |
1 |
|
|a Chowdhury, Obaidul Haque.
|9 1137
|
| 852 |
1 |
|
|a Ayesha Abed Library
|c Reference shelf
|
| 942 |
|
|
|2 ddc
|c 1HOUR
|0 1
|
| 999 |
|
|
|c 10713
|d 10713
|
| 952 |
|
|
|0 0
|1 0
|2 ddc
|4 0
|6 348_549204600000000_DAC
|7 0
|8 REF
|9 16127
|a BRACUL
|b BRACUL
|c REF
|d 2011-04-19
|l 13
|o 348.5492046 DAC
|p 3010022304
|r 2019-12-04
|s 2019-12-04
|t 1
|w 2011-04-19
|y 1HOUR
|
| 952 |
|
|
|0 0
|1 0
|2 ddc
|4 0
|6 348_549204600000000_DAC
|7 0
|8 REF
|9 24035
|a BRACUL
|b BRACUL
|c REF
|d 2014-03-29
|e Anupam Gyan Bhandar
|l 0
|o 348.5492046 DAC
|p 3010020913
|r 2014-03-29
|t 1
|w 2014-03-29
|y 1HOUR
|x Requisitioned by Saira Rahman Khan, Associate Professor, School of Law, BRAC University.
|